[Event "Kragero Resort Chess A 2019"]
[Site "Kragero"]
[Date "2019.02.24"]
[Round "8.20"]
[White "Fossan, Aleksander"]
[Black "Sgircea, Silvia-Raluca"]
[Result "1/2-1/2"]
[WhiteElo "2040"]
[BlackElo "2251"]
[Annotator "TA"]
[PlyCount "112"]
[EventDate "2019.02.20"]
[EventType "swiss"]
[EventCountry "NOR"]
[SourceTitle "playchess.com"]
[Source "ChessBase"]
[SourceQuality "1"]

{[%evp 18,112,0,0,14,13,12,26,41,34,119,101,143,147,130,151,170,120,115,117,113,118,252,248,235,207,332,356,299,339,334,293,287,314,287,289,406,406,437,420,600,584,418,355,414,395,550,536,687,493,491,465,529,529,558,493,604,573,570,558,622,559,518,0,0,1,12,11,11,0,147,147,159,172,169,171,190,0,0,0,0,0,0,0,0,0,0,0,0,-10,-10,-10,-10,-16,0,-25,0]} 1. e4 c5 2. c3 d5 3. exd5 Qxd5 4. d4 g6 5. Na3 cxd4 6. Nb5 Na6 7. Nf3 Bg7 8. Be3 Nf6 {B06: Modern Defence} 9. Bxd4 O-O 10. Be2 {LiveBook: 3 Games} (10. a4 Bg4 11. Be2 Rad8 12. h3 e5 13. Be3 Qe6 14. Qc1 Bxf3 15. Bxf3 e4 16. Be2 {0-1 (37) Ivanchuk,V (2731)-Giri,A (2734) Beijing 2013}) 10... b6 {The position is equal.} 11. O-O Bb7 12. Re1 Rfc8 $146 ({Predecessor:} 12... Rfd8 13. Bf1 Qd7 14. Ne5 Qf5 15. f3 Nc5 16. Bc4 {1-0 (31) Opryatkin,N (2306)-Leslie,C ICCF email 2011}) 13. Bf1 Qd8 (13... e6 $14) 14. Qe2 $16 Ne4 15. Bxg7 Kxg7 16. Rad1 $36 {[%mdl 2048] White has strong initiative.} Qf8 {[#]} 17. Ng5 $1 {[%mdl 512]} Nxg5 18. Qe5+ Kg8 19. Qxg5 Re8 (19... Nc5 $16) 20. b4 $18 Bc6 21. Bc4 Rad8 (21... e6 {keeps fighting.} 22. Nd4 Ba4) 22. Rxd8 ({Don't do} 22. Nxa7 $6 Rxd1 23. Rxd1 Ba4 $18) 22... Rxd8 23. Nxa7 Nb8 24. h4 e6 25. Nxc6 Nxc6 26. Qb5 Rd6 (26... Ne7 $142 27. Qxb6 Nf5) 27. Qxb6 Qe7 28. Qc5 Qd8 (28... Nb8 $142 29. a4 Nd7 30. Qc8+ Nf8) 29. a4 {[%cal Ba2a4,Ba4a5][%mdl 32]} Ne7 30. Bb5 Nf5 31. g3 h5 32. a5 g5 33. hxg5 h4 34. gxh4 Nxh4 35. Qe3 Rd5 36. Bc6 Rxg5+ 37. Kf1 Nf5 {[#]} 38. Qf3 $1 Qd2 {intending ...Rg1+.} 39. Rd1 Qa2 40. Qf4 $2 (40. Be4 $18) 40... Ng3+ $1 $11 41. fxg3 Rf5 42. Qxf5 exf5 {[%mdl 4096] Endgame KQ-KRB} 43. Bb5 {aiming for a6.} Qc2 (43... Qe6 $11) 44. Rd3 $16 f4 45. gxf4 Qc1+ 46. Ke2 {Black must now prevent a6.} Qxf4 {...Qe5+ is the strong threat.} 47. c4 $2 (47. Kd1 $18) 47... Qe5+ $11 48. Re3 Qb2+ 49. Kd3 Qxb4 50. Re8+ Kg7 51. a6 f5 52. Ke3 Kf6 53. Kf4 Qd2+ 54. Kf3 Qd3+ 55. Kf4 Qd2+ 56. Kf3 Qd3+ {Precision: White = 81%, Black = 41%.} 1/2-1/2

[Event "Kragero Resort Chess A 2019"]
[Site "Kragero"]
[Date "2019.02.24"]
[Round "8.21"]
[White "Ranaldi, Lucas"]
[Black "Flasen, Aleksander"]
[Result "1-0"]
[WhiteElo "2229"]
[BlackElo "2036"]
[Annotator "TA"]
[PlyCount "85"]
[EventDate "2019.02.20"]
[EventType "swiss"]
[EventCountry "NOR"]
[SourceTitle "playchess.com"]
[Source "ChessBase"]
[SourceQuality "1"]

{[%evp 20,85,31,31,36,31,54,39,39,39,38,36,39,27,47,47,45,34,71,56,65,68,118,98,141,123,138,146,135,133,189,-186,-218,-203,-199,-352,-357,-374,-242,-246,-234,-242,-227,-213,-93,-98,-82,-89,0,0,70,84,251,274,245,189,307,307,340,211,634,636,1072,1033,1591,1497,1328,1287]} 1. Nf3 Nf6 2. c4 e6 3. Nc3 Bb4 4. Qc2 O-O 5. a3 Bxc3 6. Qxc3 b6 7. e3 Bb7 8. Be2 d6 9. O-O Nbd7 {A17: English Opening: 1...Nf6 with ...Bb4} 10. b4 Qe7 (10... a5 11. Bb2 Qe7 12. d3 Rfc8 13. Nd2 c5 14. b5 e5 15. Rae1 Re8 16. e4 Nf8 17. f4 exf4 18. Rxf4 {½-½ (54) Bu,X (2699)-Zhou,W (2606) China 2014}) 11. Bb2 {LiveBook: 43 Games} Rfc8 {White is slightly better.} 12. d4 Ne4 13. Qb3 $146 ({Predecessor:} 13. Qc2 Rab8 14. Rfd1 c5 15. dxc5 bxc5 16. Nd2 Nef6 17. Nb3 d5 18. Nxc5 Nxc5 19. bxc5 Qxc5 {1-0 (36) Sarkar,J (2415)-Grueso Cordoba,S (2171) Stockholm 2016}) 13... f5 14. Rfd1 Qf6 15. Rac1 Qg6 16. Ne1 Rf8 17. f3 Ng5 18. Kh1 Nf6 19. Nd3 Qh6 20. Nf4 d5 21. c5 c6 22. a4 Nh5 23. Nxh5 Qxh5 24. Rc2 {Black must now prevent f4.} f4 (24... Qh4 $16 25. Bc3 Nf7) 25. Bc1 $4 {[%mdl 8192]} (25. exf4 $18 {and all is fine.} Rxf4 26. Qe3) 25... Rf6 $1 $19 {[%cal Bf8f6,Bf6h6,Bh6h2][%mdl 32]} 26. Kg1 Rh6 27. Bf1 $2 (27. h3 Nxh3+ 28. Kf1) 27... Qxh2+ 28. Kf2 Qg3+ 29. Ke2 {[%cal Bf2e2,Be2d3,Bd3d2,Bd2e1][%mdl 32]} Rh2 30. Kd3 fxe3 31. Bxe3 {[#]} e5 (31... Rf8 $1 $19 {has better winning chances.} 32. cxb6 {[#]} Nxf3 $1 {[%mdl 512]} 33. gxf3 Rxf3) 32. dxe5 Qxe5 {...Ne6 is the strong threat.} 33. Re2 Ba6+ ({Better is} 33... Ne6 $17 {aiming for ...bxc5.} 34. cxb6 axb6) 34. b5 $11 Qf5+ (34... Bb7 $11) 35. Kd2 $14 cxb5 $2 (35... Bc8 $16) 36. axb5 $18 Bc8 37. c6 {[%mdl 1024] White has strong compensation.} Ne6 (37... Be6 $142) 38. Ke1 Nc7 39. Qb4 Be6 $2 (39... Qf6 40. Qf4 Qh4+ 41. Qxh4 Rxh4) 40. Qd6 {White is clearly winning.} Rh6 41. Bxh6 Nxb5 42. Qxe6+ Qxe6 43. Rxe6 {Precision: White = 62%, Black = 23%.} 1-0

[Event "Kragero Resort Chess A 2019"]
[Site "Kragero"]
[Date "2019.02.24"]
[Round "8.22"]
[White "Kizatbay, Abyl"]
[Black "Kazarian, Anna-Maja"]
[Result "1/2-1/2"]
[WhiteElo "2084"]
[BlackElo "2189"]
[Annotator "TA"]
[PlyCount "74"]
[EventDate "2019.02.20"]
[EventType "swiss"]
[EventCountry "NOR"]
[SourceTitle "playchess.com"]
[Source "ChessBase"]
[SourceQuality "1"]

{[%evp 9,74,11,25,27,28,28,31,29,44,34,45,22,34,44,60,58,61,50,59,70,83,44,44,46,48,44,37,37,50,45,131,131,109,64,85,29,22,28,127,127,127,125,134,103,108,87,93,44,44,44,44,44,59,8,8,8,8,3,56,55,87,58,71,72,73,68,177]} 1. e4 c6 2. d4 d5 3. exd5 cxd5 4. Nf3 Nf6 5. Ne5 Qb6 (5... g6 6. c3 Bg7 7. Bd3 O-O 8. O-O Nc6 9. Qe2 Nxe5 10. dxe5 Nd7 11. Bf4 Nc5 {1-0 (42) Duda,J (2731)-Moranda,W (2601) Poland 2018}) 6. Bd3 {B13: Caro-Kann: Exchange Variation and Panov-Botvinnik Attack} Nc6 7. c3 g6 8. O-O Bg7 9. Qe2 Nxe5 $146 ({Predecessor:} 9... O-O 10. f4 e6 11. Nd2 Nd7 {0-1 (53) Herms,S (1999)-Osbild,R (1860) Dortmund 2009}) 10. dxe5 Nd7 11. Be3 Qc7 12. f4 O-O 13. Na3 a6 14. c4 dxc4 15. Bxc4 b5 $1 {[%cal Rb5c4]} 16. Bd5 Bb7 17. Rac1 Qb8 18. Bb3 $36 {[%mdl 2048] White has some pressure.} e6 19. Rfd1 Nxe5 (19... Rd8 $14) 20. fxe5 $16 Qxe5 21. Qf2 {Black must now prevent Bd4.} Qxb2 22. Qxb2 (22. Nb1 $16) 22... Bxb2 $11 23. Rc7 Bd5 (23... Be4 $11) 24. Bxd5 $16 exd5 25. Nc2 Rac8 26. Rxc8 Rxc8 27. Nb4 d4 28. Bxd4 (28. Bg5 {is more complex.} Rc4 29. Nxa6 f6 30. Bf4 g5 31. Bg3) 28... Bxd4+ 29. Rxd4 {[%mdl 4096] Endgame KRN-KR} Rc1+ 30. Kf2 {Threatens to win with Rd8+.} a5 31. Nd3 (31. a4 $14) 31... Rc2+ $11 32. Kf3 {aiming for a4.} Rxa2 33. h3 a4 (33... Ra3 $11) 34. Rb4 $1 $14 Rd2 35. Nc5 a3 {[#] Strongly threatening ...a2.} 36. Rxb5 a2 37. Ra5 Rd5 {Accuracy: White = 63%, Black = 59%.} (37... f5 $14) 1/2-1/2

[Event "Kragero Resort Chess A 2019"]
[Site "Kragero"]
[Date "2019.02.24"]
[Round "8.23"]
[White "Schouten, Mathias Lind"]
[Black "Bergsson, Stefan"]
[Result "1-0"]
[WhiteElo "1943"]
[BlackElo "2172"]
[Annotator "TA"]
[PlyCount "50"]
[EventDate "2019.02.20"]
[EventType "swiss"]
[EventCountry "NOR"]
[SourceTitle "playchess.com"]
[Source "ChessBase"]
[SourceQuality "1"]

{[%evp 15,50,16,12,0,91,29,21,13,54,52,39,47,46,42,61,47,50,36,39,0,12,16,102,111,95,96,173,172,166,162,236,193,458,467,446,420,600]} 1. e4 c5 2. Nf3 e6 3. d4 cxd4 4. Nxd4 Nc6 5. Nc3 Qc7 6. Be2 Nf6 7. O-O a6 8. Nxc6 bxc6 9. Re1 {B47: Sicilian: Taimanov: 5 Nc3 Qc7 6 f4, 6 g3 and 6 Be2} (9. a3 d5 10. Bf3 Bd6 11. g3 O-O 12. Re1 Bb7 13. Bg5 Be5 14. Qd2 Nd7 15. Rab1 d4 16. Ne2 h6 {0-1 (35) Dinev,D (2297)-Markus,R (2652) Novi Sad 2016}) 9... d5 (9... Bd6 $11) 10. Bf3 ({Better is} 10. exd5 $16 cxd5 {[#]} 11. Nxd5 $1 {[%mdl 512]} Nxd5 12. Qxd5 $1 {[%mdl 576] Back Rank}) 10... Be7 $11 11. Bg5 {The position is equal.} O-O 12. e5 $146 ({Predecessor:} 12. exd5 cxd5 13. Qd2 Bb7 14. Bf4 Qb6 15. Be3 Qc6 16. Bd4 Rac8 17. h3 Rfd8 18. Rab1 Ne8 19. Bxd5 Rxd5 20. Nxd5 Qxd5 {0-1 (58) Alvarado,S-Vera,D Lima 2002}) 12... Ne8 13. Bxe7 Qxe7 14. Na4 Rb8 15. b3 c5 16. Qd3 Bb7 17. Qe3 Rc8 18. c4 g6 (18... d4 $11 19. Qf4 Bxf3 20. Qxf3 g6) 19. cxd5 $16 exd5 20. Rac1 Ng7 (20... d4 $16 21. Qe2 Bxf3 22. Qxf3 Nc7) 21. Nb6 $36 {[%mdl 2048] White is really pushing.} ({But not} 21. Nxc5 $2 Nf5 $19) ({And not} 21. Rxc5 d4 $15) 21... Rcd8 22. Qxc5 Qg5 (22... Qxc5 $142 23. Rxc5 Ne6) 23. Bxd5 Rxd5 $2 (23... Bxd5 {keeps fighting.} 24. Nxd5 Ne6) 24. Nxd5 Ne6 {[#]} 25. h4 $1 Qd2 {Accuracy: White = 54%, Black = 29%.} (25... Qxh4 $142 26. Nf6+ Kh8) 1-0

[Event "Kragero Resort Chess A 2019"]
[Site "Kragero"]
[Date "2019.02.24"]
[Round "8.24"]
[White "Shehzad, Shazil"]
[Black "Abdrlauf, Elham"]
[Result "0-1"]
[WhiteElo "1959"]
[BlackElo "2105"]
[Annotator "TA"]
[PlyCount "86"]
[EventDate "2019.02.20"]
[EventType "swiss"]
[EventCountry "NOR"]
[SourceTitle "playchess.com"]
[Source "ChessBase"]
[SourceQuality "1"]

{[%evp 20,86,58,54,59,63,57,53,64,0,0,0,25,12,12,12,16,0,14,0,1,16,32,-24,-18,-4,0,5,8,-14,0,-36,-24,-28,-27,-470,-464,-458,-457,-456,-453,-412,-377,-512,-504,-517,-509,-459,-444,-504,-497,-486,-465,-1613,-1572,-1112,-708,-1589,-1584,-1578,-1567,-1558,-1495,-1466,-1279,-1542,-1304,-29960,-12702]} 1. e4 c6 2. d4 d5 3. exd5 cxd5 4. Bd3 Nc6 5. c3 g6 6. Bf4 Bg7 7. Nf3 Nf6 8. O-O O-O 9. Nbd2 Bf5 10. Bxf5 gxf5 11. Ne5 Ne4 {B13: Caro-Kann: Exchange Variation and Panov-Botvinnik Attack} (11... e6 12. Nd3 Kh8 13. h3 Rg8 14. Kh1 Ne4 15. f3 Nxd2 16. Qxd2 Ne7 17. g4 Ng6 18. gxf5 Nxf4 19. Qxf4 {½-½ (34) Kovalev,V (2636)-Popov,I (2609) Sochi 2017}) 12. Nxc6 bxc6 13. Qh5 $146 ({Predecessor:} 13. Nxe4 fxe4 14. Qg4 f5 15. Qg3 Qe8 16. Bh6 Qg6 17. Qxg6 hxg6 18. Bxg7 Kxg7 19. Rae1 {½-½ (33) Eulitz,C (1331)-Reinecke,K (1608) Regensburg 2014}) 13... e6 $1 {White is slightly better.} 14. f3 (14. Rfe1 $14) 14... Nxd2 $11 15. Bxd2 Rb8 16. Rab1 Qf6 17. Bf4 Rb7 18. Be5 Qh6 19. Qxh6 Bxh6 20. Kf2 f6 21. Bg3 (21. Bd6 $14) 21... e5 22. Rfe1 f4 23. Bh4 Bg7 24. Re2 Rfb8 25. g3 exd4 26. cxd4 f5 $36 {[%mdl 2048] Black fights for an advantage.} 27. Rd2 $2 {[%mdl 8192] [#]} (27. b3 $11 {and White has nothing to worry.}) 27... Rxb2 $1 $19 {[%mdl 576] Deflection, Decoy} 28. Rbxb2 Rxb2 29. Rxb2 Bxd4+ {[%mdl 64] Double Attack} 30. Ke2 Bxb2 31. gxf4 {[%mdl 4096] Endgame KB-KB} Bd4 32. Be1 Kf7 33. Kd3 Bb6 34. a4 a6 35. h3 c5 36. a5 (36. Bh4 $142 c4+ 37. Kc3) 36... Bc7 37. Bf2 Bd6 38. Be3 Ke6 39. Bd2 Kd7 40. Kc3 Kc6 41. Kd3 Kb5 42. h4 h5 43. Kc2 Bc7 {Accuracy: White = 22%, Black = 85%.} 0-1

[Event "Kragero Resort Chess A 2019"]
[Site "Kragero"]
[Date "2019.02.24"]
[Round "8.25"]
[White "Boe, Oeyvind"]
[Black "Saltvedt, Martin"]
[Result "1-0"]
[WhiteElo "1908"]
[BlackElo "2095"]
[Annotator "NA RC"]
[PlyCount "119"]
[EventDate "2019.02.20"]
[EventType "swiss"]
[EventCountry "NOR"]
[SourceTitle "playchess.com"]
[Source "ChessBase"]
[SourceQuality "1"]
[TimeControl "5400+30"]

1. d4 {[%emt 0:00:00]} Nf6 {[%emt 0:00:00]} 2. Nf3 {[%emt 0:00:00]} b6 {[%emt 0:00:41]} 3. c4 {[%emt 0:01:54]} Bb7 {[%emt 0:01:32]} 4. e3 {[%emt 0:00:58]} e6 {[%emt 0:01:33]} 5. Be2 {[%emt 0:00:07]} g6 {[%emt 0:07:37]} 6. O-O {[%emt 0:00:17]} Bg7 {[%emt 0:00:03]} 7. b3 {[%emt 0:00:24]} O-O {[%emt 0:00:08]} 8. Bb2 {[%emt 0:00:02]} c5 {[%emt 0:02:11]} 9. Ne5 $146 {[%emt 0:06:31] A30: Symmetrical English: Double Fianchetto and Hedgehog} ({Predecessor:} 9. Nc3 d6 10. dxc5 bxc5 11. Nb5 Ne8 12. Bxg7 Kxg7 13. Qc2 a6 14. Nc3 Nc6 15. Rad1 Qc7 16. Qb2 Kg8 17. Ng5 h6 {½-½ (79) Nakamura,H (2777)-Hou,Y (2658) chess.com INT 2018}) 9... d6 {[%emt 0:01:13]} 10. Bf3 {[%emt 0:00:19]} Ne4 {[%emt 0:02:22]} 11. Nd3 {[%emt 0:01:34]} Nd7 {[%emt 0:08:14]} 12. Nc3 {[%emt 0:20:36]} f5 {[%emt 0:06:35]} 13. Nf4 {[%emt 0:02:04]} Qe7 {[%emt 0:01:46]} 14. Bxe4 {[%emt 0:02:09]} fxe4 {[%emt 0:01:03]} 15. d5 {[%emt 0:00:24]} exd5 {[%emt 0:06:46]} 16. Ncxd5 {[%emt 0:00:51]} Bxd5 {[%emt 0:04:50]} 17. Qxd5+ {[%emt 0:02:06]} ({Don't do} 17. Nxd5 $6 Qd8 $16) 17... Qf7 {[%emt 0:03:49]} 18. Bxg7 {[%emt 0:00:28]} Qxd5 {[%emt 0:00:14]} 19. Nxd5 {[%emt 0:00:06]} Kxg7 {[%emt 0:00:58]} 20. Nc7 {[%emt 0:00:08]} Rac8 {[%emt 0:05:17]} 21. Ne6+ {[%emt 0:00:15]} Kf6 {[%emt 0:02:30]} 22. Nxf8 {[%emt 0:00:06]} Nxf8 {[%emt 0:00:31]} 23. f3 {[%emt 0:01:43]} Nd7 {[%emt 0:05:16]} 24. fxe4+ {[%emt 0:00:19]} Ke6 {[%emt 0:00:16]} 25. Rf4 {[%emt 0:03:11]} Re8 {[%emt 0:02:02]} 26. Kf2 $18 {[%emt 0:12:32]} Nf6 {[%emt 0:07:06]} 27. Rd1 {[%emt 0:04:31]} Re7 {[%emt 0:02:04]} 28. h4 {[%emt 0:04:17]} Rd7 {[%emt 0:08:17]} 29. Ke2 {[%emt 0:11:37]} Nh5 {[%emt 0:04:38]} 30. Rf3 {[%emt 0:00:12]} Nf6 {[%emt 0:02:33]} 31. Kd3 {[%emt 0:05:12]} Ng4 {[%emt 0:01:13]} 32. Rf4 {[%emt 0:04:00]} h5 {[%emt 0:02:49]} 33. Rdf1 {[%emt 0:00:41]} Ne5+ {[%emt 0:03:47]} 34. Ke2 {[%emt 0:00:24]} Re7 {[%emt 0:00:21]} 35. Rf6+ {[%emt 0:03:30]} Kd7 {[%emt 0:00:05]} 36. Rd1 {[%emt 0:02:46]} Re6 {[%emt 0:00:09]} 37. Rf8 {[%emt 0:00:19]} Nc6 {[%emt 0:02:06]} 38. Rf4 {[%emt 0:03:19]} Re7 {[%emt 0:02:06]} 39. Rf6 {[%emt 0:00:23]} Re6 {[%emt 0:00:09]} 40. Rf7+ {[%emt 0:00:26]} Re7 {[%emt 0:00:25]} 41. Rxe7+ {[%emt 0:00:51]} Kxe7 {[%emt 0:00:08]} 42. Kf3 {[%emt 0:00:15]} Ke6 {[%emt 0:00:19]} 43. Kf4 {[%emt 0:00:26]} a5 {[%emt 0:02:04]} 44. Kg5 {[%emt 0:03:50]} Ne7 {[%emt 0:00:55]} 45. a4 {[%emt 0:01:18]} Ke5 {[%emt 0:00:22]} 46. Rd5+ {[%emt 0:01:17]} Ke6 {[%emt 0:00:48]} 47. g3 {[%emt 0:01:22]} Nxd5 {[%emt 0:00:43]} 48. exd5+ {[%emt 0:00:56]} Kf7 {[%emt 0:00:06]} 49. g4 {[%emt 0:00:38]} hxg4 {[%emt 0:00:15]} 50. Kxg4 {[%emt 0:00:05]} Kg7 {[%emt 0:00:41]} 51. Kg5 {[%emt 0:00:08]} Kf7 {[%emt 0:00:10]} 52. Kg4 {[%emt 0:02:48]} Kg7 {[%emt 0:00:10]} 53. Kf4 {[%emt 0:00:14]} Kf7 {[%emt 0:00:29]} 54. Kg5 {[%emt 0:00:28]} Kg7 {[%emt 0:00:09]} 55. Kf4 {[%emt 0:00:38]} Kf7 {[%emt 0:00:15]} 56. e4 {[%emt 0:00:12]} Kf6 {[%emt 0:00:13]} 57. Kg4 {[%emt 0:00:07]} Kg7 {[%emt 0:00:27]} 58. Kf4 {[%emt 0:00:20]} Kf6 {[%emt 0:00:05]} 59. e5+ {[%emt 0:00:15]} dxe5+ {[%emt 0:00:05]} 60. Ke4 {[%emt 0:00:04]} 1-0

[Event "Kragero Resort Chess A 2019"]
[Site "Kragero"]
[Date "2019.02.24"]
[Round "8.26"]
[White "Tenold, Andreas"]
[Black "Birkisson, Bjorn Holm"]
[Result "1/2-1/2"]
[WhiteElo "1822"]
[BlackElo "2078"]
[Annotator "NA RC"]
[PlyCount "69"]
[EventDate "2019.02.20"]
[EventType "swiss"]
[EventCountry "NOR"]
[SourceTitle "playchess.com"]
[Source "ChessBase"]
[SourceQuality "1"]
[TimeControl "5400+30"]

1. d4 {[%emt 0:00:00]} d5 {[%emt 0:13:21]} 2. c4 {[%emt 0:00:00]} e6 {[%emt 0:00:34]} 3. Nc3 {[%emt 0:00:00]} Be7 {[%emt 0:00:09]} 4. cxd5 {[%emt 0:00:17]} exd5 {[%emt 0:00:07]} 5. Bf4 {[%emt 0:00:08]} c6 {[%emt 0:00:38]} 6. e3 {[%emt 0:00:07]} Bf5 {[%emt 0:00:51]} 7. g4 {[%emt 0:00:50]} Bg6 {[%emt 0:01:28]} 8. h4 {[%emt 0:02:38] D31: Queen's Gambit Declined: Semi-Slav without ...Nf6 (+ Marshall Gambit and Noteboom) and Exchange Variation lines without ...Nf6} h6 {[%emt 0:11:03]} 9. h5 {[%emt 0:00:21]} Bh7 {[%emt 0:00:06]} 10. Bd3 {[%emt 0:00:05]} Bxd3 {[%emt 0:00:37]} 11. Qxd3 {[%emt 0:00:08]} Nf6 {[%emt 0:02:24] LiveBook: 7 Games} 12. f3 {[%emt 0:00:51]} Bd6 {[%emt 0:04:51]} 13. Nge2 {[%emt 0:06:22] [#]} a5 $146 {[%emt 0:01:43]} ({Predecessor:} 13... Bxf4 $14 14. Nxf4 O-O (14... Qd6 15. O-O-O Nbd7 {1-0 (38) Vitiugov,N (2722)-Zhou,J (2668) Ningbo 2010})) 14. O-O-O {[%emt 0:04:09]} Na6 {[%emt 0:00:19]} 15. Ng3 {[%emt 0:05:19]} ({White should play} 15. g5 $16 hxg5 16. Bxg5) 15... Nh7 {[%emt 0:05:55]} 16. Bxd6 {[%emt 0:09:53]} Qxd6 {[%emt 0:00:25]} 17. Nf5 {[%emt 0:01:37]} Qf6 {[%emt 0:00:15]} 18. e4 {[%emt 0:02:02]} O-O-O {[%emt 0:07:21]} 19. exd5 {[%emt 0:12:41]} Nb4 {[%emt 0:06:04]} 20. Qe2 {[%emt 0:02:09]} cxd5 {[%emt 0:11:46]} 21. Qb5 {[%emt 0:06:22]} g6 $18 {[%emt 0:00:56]} (21... Qa6 {might work better.} 22. Qxa6 (22. Nxg7 Nxa2+ 23. Kd2 Qxb5 $16) (22. Qc5+ Kb8 $11) 22... Nxa6 23. Nxg7 Nc7) 22. hxg6 {[%emt 0:08:23]} fxg6 {[%emt 0:00:11]} 23. Nh4 {[%emt 0:04:12]} Nc6 {[%emt 0:04:01]} 24. Kb1 {[%emt 0:01:57]} Qd6 {[%emt 0:03:21]} 25. f4 {[%emt 0:04:39]} g5 {[%emt 0:03:00]} 26. fxg5 {[%emt 0:01:56]} hxg5 {[%emt 0:00:12]} 27. Nf5 {[%emt 0:00:50]} Qb4 {[%emt 0:00:07]} 28. Qxb4 {[%emt 0:03:03]} axb4 {[%emt 0:00:38]} 29. Nb5 {[%emt 0:00:45]} Nf6 {[%emt 0:00:21]} 30. Rhg1 {[%emt 0:02:42]} Kb8 {[%emt 0:00:50]} 31. Rd2 {[%emt 0:04:14]} Rdf8 {[%emt 0:03:11]} 32. Nbd6 {[%emt 0:03:17]} Ne8 {[%emt 0:02:47]} 33. Nb5 {[%emt 0:00:58]} Nf6 {[%emt 0:02:02]} 34. Nbd6 {[%emt 0:00:07]} Ne8 {[%emt 0:00:32]} 35. Nb5 {[%emt 0:00:07]} 1/2-1/2

[Event "Kragero Resort Chess A 2019"]
[Site "Kragero"]
[Date "2019.02.24"]
[Round "8.27"]
[White "Holleland, Sigve"]
[Black "Krivenko, Dion"]
[Result "1-0"]
[WhiteElo "2009"]
[BlackElo "1725"]
[Annotator "NA RC"]
[PlyCount "29"]
[EventDate "2019.02.20"]
[EventType "swiss"]
[EventCountry "NOR"]
[SourceTitle "playchess.com"]
[Source "ChessBase"]
[SourceQuality "1"]
[TimeControl "5400+30"]

{[%evp 10,19,50,60,47,32767,32767,0,0,-8,-14,-43]} 1. d4 {[%emt 0:03:56]} Nf6 {[%emt 0:00:00]} 2. Bf4 {[%emt 0:00:08]} g6 {[%emt 0:00:05]} 3. Nc3 {[%emt 0:00:33]} Bg7 {[%emt 0:00:12]} 4. e4 {[%emt 0:00:08]} d6 {[%emt 0:01:58]} 5. Qd2 {[%emt 0:00:40]} O-O {[%emt 0:01:56]} 6. O-O-O {[%emt 0:02:54]} c6 {[%emt 0:06:21] LiveBook: 9 Games} 7. h4 {[%emt 0:02:50]} b5 {[%emt 0:02:52]} 8. h5 {[%emt 0:05:18]} b4 {[%emt 0:09:42]} ({Don't play} 8... Nxh5 $6 9. Bh6 $16) 9. Nb1 {[%emt 0:00:15]} Nxe4 {[%emt 0:08:12]} 10. Qe3 $15 {[%emt 0:00:51]} Nf6 {[%emt 0:09:33]} 11. Bc4 {[%emt 0:03:32]} d5 {[%emt 0:11:31]} 12. Be2 {[%emt 0:01:05]} Nxh5 {[%emt 0:06:44]} 13. Bh6 {[%emt 0:20:23]} Nd7 {[%emt 0:14:34]} 14. Bxh5 {[%emt 0:04:08]} gxh5 {[%emt 0:01:42]} 15. Qg5 {[%emt 0:00:17]} 1-0